| 000 | 01206nam a22003377a 4500 | ||
|---|---|---|---|
| 999 |
_c1006 _d1006 |
||
| 001 | 000520 | ||
| 003 | CoMeUDC000520 | ||
| 005 | 20190124223637.0 | ||
| 008 | 841120s1983 sp a f 000 spa | ||
| 016 | 7 |
_abimoBNE19921565041 _zIBH8405818463 _2SpMaBN |
|
| 017 |
_aM 22244-1983 _bOficina Depósito Legal Madrid |
||
| 020 | _a8438901603 | ||
| 035 | _a(OCoLC)434414554 | ||
| 040 |
_aIBH _bspa _cCoMeUDC _erdc |
||
| 080 | 0 | _a51(07) | |
| 082 |
_a512.72 _bR696 |
||
| 100 | 1 | _aOehl, W. | |
| 245 | 1 | 3 |
_aEl mundo del número / _h[Texto impreso] : _bE.G.B. 8 _cautores, W. Oehl y L. Palzkill ; colaboradores, G. Bongartz ... [et al.]. |
| 260 |
_aMadrid : _bDidascalia, _c[1983]. |
||
| 300 |
_a128 p. _bil. col. _c24 cm |
||
| 650 | 7 |
_aMatemáticas _vLibros escolares _2embne |
|
| 700 | 1 | _aPalzkill, L. | |
| 942 |
_2ddc _cBK |
||
| 956 | _a1 2 | ||
| 980 |
_aM-BN _bBNMADRID _j9/66312 _cSG_RECOLET |
||
| 980 |
_aM 22244-1983 _a84-389-0160-3 _aM-BN _bBNALCALA _jAHM/809343 _cSALA_ALC |
||
| 980 |
_aM 30909-1985 _a84-389-0160-3 _aM-BN _bBNALCALA _jAHM/809515 _cSALA_ALC |
||
| 980 |
_aM-BN _bBNALCALA _jDL/244440 _cCONSERVACI |
||
| 980 |
_aM-BN _bBNALCALA _jDL/496786 _cCONSERVACI |
||
| 980 |
_aM-BN _bBNALCALA _jJ1C/624/6 _cALCALA |
||